Online
Catalog

En legítima venganza / (Record no. 3787)

MARC details
000 -CABECERA
campo de control de longitud fija 00757cam a2200229 a 4500
001 - NÚMERO DE CONTROL
campo de control 000003968
005 - FECHA Y HORA DE LA ÚLTIMA TRANSACCIÓN
campo de control 20200929150638.0
008 - DATOS DE LONGITUD FIJA--INFORMACIÓN GENERAL
campo de control de longitud fija 940511s1996 ag 000 f spa
020 ## - NÚMERO INTERNACIONAL ESTÁNDAR DEL LIBRO
Número Internacional Estándar del Libro 950081658X
040 ## - FUENTE DE LA CATALOGACIÓN
Centro catalogador/agencia de origen DO-SdBNP
Centro/agencia transcriptor DLC
Centro/agencia modificador OCoLC
-- DLC
041 17 - CÓDIGO DE LENGUA
Código de lengua del texto/banda sonora o título independiente spa
Código de lengua original eng
Fuente del código Código de idioma MARC
082 ## - NÚMERO DE LA CLASIFICACIÓN DECIMAL DEWEY
Número de clasificación 813.54
Número de documento/Ítem S634e
100 1# - ENTRADA PRINCIPAL--NOMBRE DE PERSONA
Nombre de persona Sloan, Susan R.,
Fechas asociadas al nombre 1933-2004
9 (RLIN) 11913
245 10 - MENCIÓN DE TÍTULO
Título En legítima venganza /
Mención de responsabilidad, etc. Susan R. Sloan ; traducción, Aníbal Leal.
260 ## - PUBLICACIÓN, DISTRIBUCIÓN, ETC.
Lugar de publicación, distribución, etc. Buenos Aires :
Nombre del editor, distribuidor, etc. Atlántida,
Fecha de publicación, distribución, etc. 1996.
300 ## - DESCRIPCIÓN FÍSICA
Extensión 444 p. ;
Dimensiones 23 cm.
534 ## - NOTA SOBRE LA VERSIÓN ORIGINAL
Encabezamiento principal del original Título original: Guilt by association
650 #4 - PUNTO DE ACCESO ADICIONAL DE MATERIA--TÉRMINO DE MATERIA
Término de materia o nombre geográfico como elemento de entrada Novela estadounidense
9 (RLIN) 262
650 #4 - PUNTO DE ACCESO ADICIONAL DE MATERIA--TÉRMINO DE MATERIA
Término de materia o nombre geográfico como elemento de entrada Literatura estadounidense
9 (RLIN) 263
700 1# - PUNTO DE ACCESO ADICIONAL--NOMBRE DE PERSONA
Nombre de persona Leal, Aníbal,
Término indicativo de función/relación tr.
9 (RLIN) 4573
910 ## - DATOS DE OPCIÓN DEL USUARIO (OCLC)
Datos de opción del usuario Catalogación por copia / LC
Holdings
Estado de retiro Estado de pérdida Restricciones de uso No para préstamo Código de colección Localización permanente Ubicación/localización actual Ubicación en estantería Fecha de adquisición Número de inventario Total de préstamos Signatura topográfica completa Código de barras Fecha visto por última vez Precio válido a partir de Tipo de ítem Koha
    Préstamo interno   Monografías: Libros y Folletos General General Depósito 15.07.2009 LF1   813.54 S634e 3968-10 25.06.2020 25.06.2020 Préstamo interno

Powered by Koha